000 00999nam a22003133u 4500
001 DHIM2026032313370005
003 RU-10907106
005 20260323134217.0
007 tu
008 260323s2010 gau ||| ||| 000 0 geo d
020 _9978-9941-18-000-2
_a9789941180002
040 _aRU-10907106
_bger
_cRU-10907106
041 _ageo
245 0 _aSruliad sak̕art̕velos kat̕olikos patriark̕ebi 1917-1927 cc. ši cerilebi
264 1 _aTbilisi
_bIlia State University Press
_c2010
300 _a60 Seiten
336 _2rdacontent
_aText
_btxt
337 _2rdamedia
_aOhne Hilfsmittel zu benutzen
_bn
338 _2rdacarrier
_aBand
_bnc
490 0 _aSeria ilias bibliot̕eka
_v3
650 _aPatriarch
_968912
650 _aGeorgische Orthodoxe Kirche
_968913
650 _aBriefsammlung
_92111
651 _aGeorgien
700 1 _4aut
_aKiril II (Sażaglišvili)
_968914
700 1 _4aut
_aLeonide Ok̕ropiriże
_968915
700 1 _4aut
_aAmbrosi Xelaia
_968916
942 _2z
_cMG
999 _c73980
_d73980